El número en la educación preescolar

সংরক্ষণ করুন:
গ্রন্থ-পঞ্জীর বিবরন
প্রধান লেখক: Kamii, Constance Kazuko (Author)
বিন্যাস: গ্রন্থ
ভাষা:স্প্যানিশ
প্রকাশিত: Madrid Visor 1992
সংস্করন:3a. ed
মালা:Colección Aprendizaje, 9
বিষয়গুলি:
ট্যাগগুলো: ট্যাগ যুক্ত করুন
কোনো ট্যাগ নেই, প্রথমজন হিসাবে ট্যাগ করুন!

MARC

LEADER 00000nam a2200000 a 4500
001 UCW7738
003 CL-VaPUC
008 930817e19920000SP |||||||||||||||||spa|d
082 0 4 |a 372.71  |b KAM  |2 21 
100 |a Kamii, Constance Kazuko  |e author  |9 599018 
245 1 3 |a El número en la educación preescolar 
250 |a 3a. ed 
300 |a 96 p 
942 |c BK 
945 |d 19930817 00:00:00 
260 |a Madrid  |b Visor  |c 1992 
650 0 |a Educación preescolar  |9 260381 
650 0 |a Matemática  |9 260235 
650 0 |a Enseñanza  |9 256457 
583 |a last modification  |c 19930817 00:00:00  |k Rodrigo Vera 
490 0 |a Colección Aprendizaje, 9 
999 |c 220403  |d 220401 
952 |0 0  |1 0  |4 0  |6 372_710000000000000_KAM_1992  |7 0  |8 P  |9 212584  |a BIBEDU  |b BIBEDU  |c BIBEDU_PB  |d 2019-11-15  |i 2807866  |o 372.71 KAM 1992  |p 2807866  |r 2024-01-25  |w 2019-11-15  |y BK  |k EDU